Vocabulaire Anglais (Spéciale Adjectifs) - Statistiques

Statistiques générales
  • Ce quiz a été pris 5 107 fois
  • Le résultat moyen est 23 sur 30
Statistiques - réponses
Mot français Mot anglais % Correct
Bon Good
99%
Mauvais Bad
97%
Froid Cold
97%
Premier First
97%
Chaud Hot
97%
Triste Sad
97%
Heureux Happy - Joyful
96%
Nouveau New
96%
Dernier Last
94%
Malade Sick
92%
Malade Sick
92%
Fort Strong
92%
En colère Angry
91%
Fatigué Tired
89%
Chanceux Lucky
88%
Intelligent Smart - Clever
88%
Vide Empty
86%
Rempli Full
82%
Lourd Heavy
76%
Faible Weak
70%
Confiant Confident
65%
Inquiet Worried
65%
Léger Light
63%
Déprimé Depressed
61%
Dégouté Disgusted
58%
Mince Slim - Thin
53%
Énergique Energetic
41%
Dévoué Devoted
37%
Flou Blurry
31%
Net Sharp
7%
Aucun quiz correspondant
Distribution des résultats
% des personnes avec chaque résultat
Percentile par nombre de réponses
Votre historique - résultats
Vous n’avez pas pris ce quiz